[Event "11th Kings Blitz 2017"]
[Site "Medias ROU"]
[Date "2017.11.28"]
[Round "4.1"]
[White "Deac,Bogdan-Daniel"]
[Black "Wei Yi"]
[Result "1-0"]
[WhiteElo "2566"]
[BlackElo "2739"]

1.e4 c6 2.d4 d5 3.e5 Bf5 4.Nf3 e6 5.Be2 Ne7 6.c3 Ng6 7.h4 h5 8.g3 Nd7 9.Nbd2 f6
10.exf6 Qxf6 11.Nf1 Bd6 12.Bg5 Qf7 13.Ne3 Nf6 14.Bxf6 Qxf6 15.Ng5 O-O-O 16.Bxh5 Rdf8
17.Rf1 Ne7 18.Bg4 Kb8 19.Qe2 e5 20.Nxf5 Nxf5 21.dxe5 Bxe5 22.O-O-O Re8 23.Qd3 Nxh4
24.f4 Ng6 25.Bf5 Ne7 26.Bd7 Rd8 27.Bg4 Bc7 28.Rde1 Nc8 29.Re6 Qf8 30.Rfe1 Qc5
31.Nf7 Qf2 32.Nxd8 Rxd8 33.R6e2 Bxf4+ 34.Kb1 Qxg3 35.Qf5 Bd2 36.Rd1 Bh6 37.Qe6 Qc7
38.Rf2 Nd6 39.Rf3 a5 40.a4 Ne4 41.Rf7 Qb6 42.Kc2 Nc5 43.Qe5+ Ka8 44.Qc7 Qxc7
45.Rxc7 Kb8 46.Rf7 Re8 47.Rdf1 Re4 48.Bh5 Rxa4 49.Re7 Ka7 50.Rff7 Rh4 51.Bg6 Rh1
52.b4 Rc1+ 53.Kb2 Na4+ 54.Kb3 Nxc3 55.Rxb7+ Ka6 56.Ra7+  1-0

[Event "11th Kings Blitz 2017"]
[Site "Medias ROU"]
[Date "2017.11.28"]
[Round "5.1"]
[White "Karjakin,Sergey"]
[Black "Wei Yi"]
[Result "0-1"]
[WhiteElo "2760"]
[BlackElo "2739"]

1.Nf3 d5 2.e3 Nf6 3.c4 e6 4.b3 c5 5.Bb2 Nc6 6.cxd5 exd5 7.Bb5 Bd6 8.d4 cxd4
9.Nxd4 O-O 10.Nxc6 bxc6 11.Be2 Qa5+ 12.Bc3 Bb4 13.Qd2 Rb8 14.Bxb4 Qxb4 15.Qxb4 Rxb4
16.Nd2 Re8 17.Nf3 d4 18.a3 Rxb3 19.Nxd4 Rb2 20.Nxc6 Bb7 21.Bf3 Ba6 22.a4 g5
23.h3 Ne4 24.Bxe4 Re2+ 25.Kd1 Rxe4 26.Nxa7 Rxf2 27.Nb5 Rxe3 28.Re1 Rd3+ 29.Kc1 Rxg2
30.Rb1 Rxh3 31.Rb4 Kg7 32.Kb1 Rh4 33.Rxh4 gxh4 34.Rh1 Rg4 35.Nd6 Bd3+ 36.Kb2 Rxa4
37.Kc3 Bg6 38.Nc4 f5 39.Kb3 Ra6 40.Rxh4 Bf7 41.Kb2 Ra4  0-1

[Event "11th Kings Blitz 2017"]
[Site "Medias ROU"]
[Date "2017.11.28"]
[Round "7.1"]
[White "Wei Yi"]
[Black "Deac,Bogdan-Daniel"]
[Result "1-0"]
[WhiteElo "2739"]
[BlackElo "2566"]

1.d4 Nf6 2.Bf4 d5 3.e3 c5 4.Nd2 Nc6 5.Ngf3 Qb6 6.dxc5 Qxb2 7.Rb1 Qc3 8.Bb5 e6
9.O-O Be7 10.Nb3 Bd7 11.Nfd4 Nxd4 12.Nxd4 Qxc5 13.Bxd7+ Nxd7 14.Rxb7 e5 15.Rxd7 exd4
16.Rc7 Qb6 17.exd4 Kf8 18.Qf3 Rd8 19.Re1 Bf6 20.Qh5 g6 21.Bh6+ Bg7 22.Qe5 f6  1-0

[Event "11th Kings Blitz 2017"]
[Site "Medias ROU"]
[Date "2017.11.28"]
[Round "8.1"]
[White "Ivanchuk,V"]
[Black "Wei Yi"]
[Result "1/2-1/2"]
[WhiteElo "2729"]
[BlackElo "2739"]

1.e4 e5 2.Nf3 Nf6 3.Nxe5 d6 4.Nf3 Nxe4 5.d4 d5 6.Bd3 Bf5 7.O-O Be7 8.c4 Nc6
9.cxd5 Qxd5 10.Nc3 Nxc3 11.bxc3 Bxd3 12.Qxd3 O-O 13.Re1 Qd7 14.Bf4 Rad8 15.Rad1 Bf6
16.Bg5 Qd6 17.Qf5 Bxg5 18.Nxg5 Qg6 19.Qxg6 hxg6 20.d5 Nb8 21.c4 b6 22.Re7 Rd7
23.Rde1 f6 24.Nh3 Rxe7 25.Rxe7 Rf7 26.Re8+ Rf8 27.Re6 Kf7 28.Nf4 g5 29.Ne2 c6
30.Re3 Rd8 31.Ra3 cxd5 32.Rxa7+ Kg6 33.cxd5 Rxd5 34.f3 Rd2 35.Ng3 Nc6 36.Ra6 Rb2
37.a4 Ne5 38.a5 bxa5 39.Rxa5 Nd3 40.Nf1 Re2 41.Ra1 Nf4 42.g3 Nh3+ 43.Kh1 f5
44.Rc1 Kf6 45.Rc8 Ke7 46.Rh8 g4 47.fxg4 fxg4 48.Ra8 Kd6 49.Ra1 Ke5 50.Rc1 Kd4
51.Rd1+ Kc3 52.Ra1 Kb2 53.Ra8 Kc3 54.Ra3+ Kd4 55.Rb3 Rf2 56.Ne3 Rf3 57.Nc2+ Ke4
58.Rb4+ Kd3 59.Ne1+ Ke2 60.Nxf3 gxf3 61.Rb2+ Ke1 62.Rb1+ Ke2 63.Rb2+ Kd1
64.Rb1+ Kd2 65.Rb2+ Ke3 66.Rb3+ Ke2  1/2-1/2

[Event "11th Kings Blitz 2017"]
[Site "Medias ROU"]
[Date "2017.11.28"]
[Round "9.1"]
[White "Wei Yi"]
[Black "Karjakin,Sergey"]
[Result "0-1"]
[WhiteElo "2739"]
[BlackElo "2760"]

1.b3 e5 2.Bb2 Nc6 3.e3 g6 4.f4 Bg7 5.Nf3 d6 6.fxe5 Nge7 7.Nc3 dxe5 8.Qe2 O-O
9.O-O-O a5 10.a4 Nb4 11.h4 h5 12.Qf2 Bf5 13.e4 Bg4 14.Bc4 Nec6 15.Ng5 Bf6
16.Nxf7 Rxf7 17.Rdf1 Kg7 18.Bxf7 Kxf7 19.Nd5 Nxd5 20.exd5 Nb4 21.Bxe5 Bf5
22.Qg3 Ra6 23.Bxf6 Rxf6 24.d3 Nxd5 25.Qe5 Qd6 26.Qxd6 Rxd6 27.Kd2 Nf6 28.Rf4 Ne4+
29.Kc1 Nc5 30.Re1 b6 31.Re3 Ne6 32.Rf2 Rd4 33.Re4 Rd5 34.g4 hxg4 35.Rxg4 Kg7
36.Rg3 Kh6 37.Kd2 Kh5 38.Ke3 Rd4 39.Rg1 Rxh4 40.Kd2 Kh6 41.Re1 Rf4 42.Rxf4 Nxf4
43.Re7 Ne6 44.c3 g5 45.d4 Kg6 46.d5 Kf6 47.Rd7 Nc5 48.Rxc7 Nxb3+ 49.Ke3 Ke5
50.Rc6 Kxd5 51.Rxb6 Kc4 52.Rb5 Bd7 53.Rxg5 Kxc3 54.Rd5 Bxa4 55.Rd3+ Kb2 56.Rd6 Bb5
57.Rb6 Bc4 58.Rc6 Kc3 59.Rc7 a4 60.Ra7 Kb4 61.Kf2 a3 62.Ke1 Na5  0-1

[Event "11th Kings Blitz 2017"]
[Site "Medias ROU"]
[Date "2017.11.28"]
[Round "10.1"]
[White "Deac,Bogdan-Daniel"]
[Black "Wei Yi"]
[Result "1/2-1/2"]
[WhiteElo "2566"]
[BlackElo "2739"]

1.e4 c6 2.d4 d5 3.e5 Bf5 4.Nf3 e6 5.Be2 Ne7 6.c3 Ng6 7.h4 h5 8.g3 Nd7 9.Nbd2 f6
10.exf6 Nxf6 11.Nf1 Bd6 12.Ng5 e5 13.Ne3 Qd7 14.dxe5 Nxe5 15.Nxf5 Qxf5 16.Bf4 O-O-O
17.O-O Ne4 18.Bxh5 Kb8 19.Bxe5 Bxe5 20.Qg4 g6 21.Qxf5 gxf5 22.Nf7 Rxh5 23.Nxd8 f4
24.Nf7 fxg3 25.Nxe5 gxf2+ 26.Rxf2 Nxf2 27.Kxf2 Rxe5 28.Rh1 Kc7 29.h5 Kd6
30.h6 Re8 31.Rg1 Rh8 32.Rg6+ Ke5 33.Ke3 Kf5 34.Rg7 b6 35.h7 a5 36.Kd4 Kf6
37.Rc7 Kf5 38.a4 b5 39.Rxc6 bxa4 40.Rc5 Rxh7 41.Rxd5+ Ke6 42.Rxa5 Rb7 43.Ra6+ Kd7
44.Rxa4 Rxb2 45.Kc5 Rh2 46.c4 Rh6 47.Ra7+ Kc8  1/2-1/2

[Event "11th Kings Blitz 2017"]
[Site "Medias ROU"]
[Date "2017.11.28"]
[Round "11.1"]
[White "Karjakin,Sergey"]
[Black "Wei Yi"]
[Result "1/2-1/2"]
[WhiteElo "2760"]
[BlackElo "2739"]

1.e4 e5 2.Bc4 Nf6 3.d3 c6 4.Nf3 d5 5.Bb3 a5 6.a4 Bb4+ 7.c3 Bd6 8.Bg5 dxe4
9.dxe4 h6 10.Bh4 O-O 11.O-O Na6 12.Nbd2 Qe7 13.Nc4 Bc7 14.Bc2 Nc5 15.Re1 Bg4
16.h3 Bh5 17.Qe2 Rad8 18.Qe3 Ncd7 19.Bg3 Bxf3 20.Qxf3 Rfe8 21.Bh4 g6 22.Red1 Kg7
23.Rd2 Nf8 24.Rad1 Rxd2 25.Rxd2 Rd8 26.Rxd8 Qxd8 27.Ne3 Ne6 28.Ng4 Ng5 29.Bxg5 hxg5
30.Qxf6+ Qxf6  1/2-1/2

[Event "11th Kings Blitz 2017"]
[Site "Medias ROU"]
[Date "2017.11.28"]
[Round "12.1"]
[White "Wei Yi"]
[Black "Ivanchuk,V"]
[Result "1/2-1/2"]
[WhiteElo "2739"]
[BlackElo "2729"]

1.e4 e6 2.d4 d5 3.Nd2 c5 4.exd5 exd5 5.Ngf3 a6 6.Be2 c4 7.O-O Bd6 8.b3 cxb3
9.cxb3 Nc6 10.Re1 Nge7 11.Bb2 O-O 12.Ne5 f6 13.Nxc6 Nxc6 14.Bf3 Kh8 15.Nf1 Bf5
16.Ne3 Be4 17.Bxe4 dxe4 18.Nf5 Ne7 19.Qg4 Nxf5 20.Qxf5 Rc8 21.Qxe4 Qd7 22.Rac1 Rxc1
23.Rxc1 Re8 24.Qd3 Qe6 25.d5 Qe1+ 26.Qf1 Qd2 27.Bc3 Qxd5 28.Rd1 Qc6  1/2-1/2

[Event "ch-CHN Rapid 2017"]
[Site "Shenzhen CHN"]
[Date "2017.12.07"]
[Round "1.2"]
[White "Xu,Yi"]
[Black "Wei Yi"]
[Result "0-1"]
[WhiteElo "2482"]
[BlackElo "2743"]

1.e4 c5 2.Nf3 d6 3.Bb5+ Nd7 4.O-O a6 5.Bd3 Ngf6 6.Re1 e6 7.a4 b6 8.c3 Bb7
9.Na3 Qc7 10.Qe2 g6 11.Bb1 e5 12.d4 cxd4 13.cxd4 exd4 14.Nxd4 Bg7 15.Qc4 Rc8
16.Qxc7 Rxc7 17.Bf4 Ke7 18.Bc2 Ne5 19.h3 Rhc8 20.Rad1 Nfd7 21.Bg5+ Kf8 22.Bb1 Nc5
23.b3 Re8 24.Bf4 Kg8 25.Kh2 Rd7 26.Bg3 h5 27.f3 Bf6 28.Bc2 Rc7 29.Bb1 Kg7
30.Kh1 Rec8 31.f4 Nc6 32.e5 dxe5 33.fxe5 Bd8 34.Nxc6 Rxc6 35.Nc4 Be7 36.Nd6 Rb8
37.b4 Nxa4 38.Nxb7 Bxb4 39.Rf1 Rxb7 40.Be4 Rcc7 41.e6 fxe6 42.Be5+ Kh6 43.Rf6 Rg7
44.Rxe6 Nc5 45.Bxg7+ Rxg7 46.Re8 Nxe4 47.Rxe4 Bc5 48.g4 hxg4 49.hxg4 Re7
50.Rxe7 Bxe7 51.Kg2 a5 52.Kf3 a4 53.Rb1 Bc5 54.Kf4 a3 55.Rh1+ Kg7 56.Ke4 Kf6
57.Rh8 Kg5 58.Rg8 Bb4  0-1

[Event "ch-CHN Rapid 2017"]
[Site "Shenzhen CHN"]
[Date "2017.12.07"]
[Round "2.2"]
[White "Wei Yi"]
[Black "Liu Guanchu"]
[Result "0-1"]
[WhiteElo "2743"]
[BlackElo "2462"]

1.b3 e5 2.Bb2 Nc6 3.Nf3 e4 4.Nd4 Nf6 5.e3 Nxd4 6.Bxd4 Be7 7.c4 b6 8.Nc3 Bb7
9.Be2 O-O 10.f3 d6 11.Rc1 c5 12.Bxf6 Bxf6 13.Nxe4 Bxe4 14.fxe4 Be5 15.g3 Qf6
16.Rf1 Qh6 17.Rf2 g6 18.Bg4 Rfd8 19.Ke2 a5 20.a4 Ra7 21.Qg1 Qg5 22.Bf3 h5
23.Rcf1 Re7 24.Rg2 h4 25.gxh4 Qxh4 26.Bg4 Kg7 27.Rf3 Rh8 28.Rh3 Qf6 29.Bh5 Rc7
30.Rf3 Qe6 31.Bg4 Qe7 32.h3 Kf8 33.d4 Bg7 34.Kd3 Ke8 35.Qh2 Kd8 36.Rgf2 Re8
37.e5 dxe5 38.Rxf7 Qd6 39.Kc2 cxd4 40.exd4 Rxf7 41.Rxf7 Re7 42.Rf1 Kc7 43.c5 bxc5
44.dxc5 Qxc5+ 45.Kb1 Bh6 46.Rf2 Kb6 47.Rc2 Qe3 48.b4 axb4 49.a5+ Ka7 50.Qh1 Qb3+
51.Rb2 Qd3+ 52.Ka2 Rc7 53.Rxb4  0-1

[Event "ch-CHN Rapid 2017"]
[Site "Shenzhen CHN"]
[Date "2017.12.07"]
[Round "3.7"]
[White "Wei Yi"]
[Black "Peng,Xiongjian"]
[Result "1-0"]
[WhiteElo "2743"]
[BlackElo "2410"]

1.d4 d5 2.c4 c6 3.Nf3 Nf6 4.Nc3 dxc4 5.a4 Bf5 6.Ne5 Na6 7.f3 Nd7 8.Nxc4 e5
9.e4 exd4 10.exf5 dxc3 11.bxc3 Qf6 12.Qc2 Nb4 13.Qb2 Nd5 14.Bd3 Bc5 15.Bd2 O-O
16.O-O-O Rab8 17.Na3 Ne5 18.Be4 Qe7 19.Nc2 b5 20.axb5 Rxb5 21.Qa2 Rfb8 22.Rde1 Qb7
23.Kd1 Rb2 24.Qa4 Nb6 25.Qa5 Bd6 26.Bc1 Nbc4 27.Qa4 Rb3 28.f4 Rb1 29.Ke2 Rxc1
30.Rxc1 Nb2 31.Qd4 Qb5+ 32.c4 Nexc4 33.Kf3 Bc5 34.Qc3 a5 35.Nd4 Bxd4 36.Qxd4 a4
37.Rhe1 a3 38.Kg3 h6 39.h3 a2 40.Kh2 c5 41.Qc3 Qb4 42.Qg3 f6 43.Bd5+ Kh8
44.Re7  1-0

[Event "ch-CHN Rapid 2017"]
[Site "Shenzhen CHN"]
[Date "2017.12.07"]
[Round "4.4"]
[White "Liu,Chang"]
[Black "Wei Yi"]
[Result "1/2-1/2"]
[WhiteElo "2357"]
[BlackElo "2743"]

1.d4 Nf6 2.c4 g6 3.g3 Bg7 4.Bg2 O-O 5.Nc3 Nc6 6.Nf3 d5 7.cxd5 Nxd5 8.O-O Nb6
9.d5 Na5 10.e4 c6 11.Nd4 cxd5 12.exd5 e5 13.Nb3 Nac4 14.Nd2 Nd6 15.Nde4 f5
16.Bg5 Qc7 17.Nxd6 Qxd6 18.Nb5 Qb4 19.Qb3 Qxb3 20.axb3 Bd7 21.Nc7 Rac8 22.d6 e4
23.Rxa7 Bc6 24.Ne6 Rf7 25.Nd8 Rd7 26.Nxc6 Rxc6 27.Rd1 Be5 28.Bf1 Rcxd6 29.Rxd6 Bxd6
30.Be3 Nc8 31.Ra8 Rc7 32.Bc4+ Kg7 33.Bd4+ Kh6 34.h4 Bc5 35.Be5 Bd6 36.Bd4 Bc5
37.Be5 Bd6 38.Bd4  1/2-1/2

[Event "ch-CHN Rapid 2017"]
[Site "Shenzhen CHN"]
[Date "2017.12.07"]
[Round "5.4"]
[White "Bai,Jinshi"]
[Black "Wei Yi"]
[Result "1/2-1/2"]
[WhiteElo "2556"]
[BlackElo "2743"]

1.Nf3 d6 2.d4 Nf6 3.c4 g6 4.Nc3 Bf5 5.d5 Bg7 6.Nd4 Bd7 7.e4 O-O 8.Be2 e6
9.Be3 exd5 10.exd5 a5 11.O-O Na6 12.f3 Re8 13.Qd2 Qe7 14.Bg5 Qf8 15.Rfe1 Nc5
16.Ndb5 Rac8 17.Bf1 h6 18.Bh4 Re5 19.Bg3 Ree8 20.Rxe8 Bxe8 21.Re1 Nfd7 22.Na7 Ra8
23.Nab5 Rc8 24.Na7 Ra8 25.Nab5  1/2-1/2

[Event "ch-CHN Rapid 2017"]
[Site "Shenzhen CHN"]
[Date "2017.12.07"]
[Round "6.3"]
[White "Wei Yi"]
[Black "Xu,Yinglun"]
[Result "1-0"]
[WhiteElo "2743"]
[BlackElo "2539"]

1.e4 c5 2.Nf3 d6 3.d4 cxd4 4.Nxd4 Nf6 5.Nc3 a6 6.Be3 e6 7.Be2 Be7 8.Qd2 O-O
9.O-O-O b5 10.Bf3 b4 11.Nce2 Bb7 12.e5 Nd5 13.Nf4 Nxe3 14.Qxe3 Bxf3 15.gxf3 Qa5
16.exd6 Bg5 17.Rhg1 Bh6 18.Kb1 e5 19.Nf5 Bxf4 20.Rxg7+ Kh8 21.Qb3 Nc6 22.Rdg1 Qd8
23.Qd3 Qf6 24.Ne7 Qh6 25.Qf5 Nd4 26.Rxh7+  1-0

[Event "ch-CHN Blitz 2017"]
[Site "Shenzhen CHN"]
[Date "2017.12.08"]
[Round "1.1"]
[White "Wei Yi"]
[Black "Chen,Qi b"]
[Result "1-0"]
[WhiteElo "2743"]
[BlackElo "2346"]

1.Nf3 Nf6 2.c4 e6 3.g3 d5 4.Bg2 dxc4 5.O-O a6 6.Qc2 Nc6 7.Qxc4 Be7 8.d4 O-O
9.Rd1 Bd7 10.Ne5 Na5 11.Qc3 Nc6 12.Bxc6 Bxc6 13.Nxc6 bxc6 14.Qxc6 a5 15.Nc3 Rb8
16.b3 Rb6 17.Qf3 Qd7 18.Bb2 Rd8 19.Rac1 h6 20.e3 Bb4 21.Na4 Rb5 22.Qc6 Bd6
23.Qxd7 Rxd7 24.Rc6 Nd5 25.Nc3 Nxc3 26.Bxc3 Bb4 27.Rc1 Bxc3 28.R1xc3 a4 29.bxa4 Ra5
30.Rxc7 Rxc7 31.Rxc7 Rxa4 32.Rc8+ Kh7 33.Rc2 f5 34.Rc6 Rxa2 35.Rxe6  1-0

[Event "ch-CHN Blitz 2017"]
[Site "Shenzhen CHN"]
[Date "2017.12.08"]
[Round "2.1"]
[White "Xu,Yi"]
[Black "Wei Yi"]
[Result "0-1"]
[WhiteElo "2482"]
[BlackElo "2743"]

1.e4 c6 2.d4 d5 3.e5 Bf5 4.Nf3 e6 5.Be2 Ne7 6.c3 Ng6 7.O-O Nd7 8.Be3 f6 9.exf6 Qxf6
10.Bg5 Qf7 11.Nh4 Bd6 12.Nd2 O-O 13.Ndf3 e5 14.Nxf5 Qxf5 15.dxe5 Ndxe5 16.Be3 Nxf3+
17.Bxf3 Nh4 18.Bg4 Qe4 19.Bh3 Qe5 20.g3 Nf3+ 21.Kh1 Qh5 22.Kg2 Rae8 23.Qa4 Re4
24.Qxa7 g5 25.Qxb7  0-1

[Event "ch-CHN Blitz 2017"]
[Site "Shenzhen CHN"]
[Date "2017.12.08"]
[Round "3.1"]
[White "Wei Yi"]
[Black "Wen Yang"]
[Result "1/2-1/2"]
[WhiteElo "2743"]
[BlackElo "2605"]

1.e4 e5 2.Nf3 Nc6 3.Bc4 Nf6 4.d4 exd4 5.O-O Nxe4 6.Re1 d5 7.Bxd5 Qxd5 8.Nc3 Qh5
9.Nxe4 Be6 10.Bg5 Bd6 11.Nxd6+ cxd6 12.Bf4 Qd5 13.c3 O-O 14.Nxd4 Nxd4 15.Qxd4 Qxd4
16.cxd4 d5 17.Rac1 Rfc8 18.Rxc8+ Rxc8 19.Rc1 Rxc1+ 20.Bxc1 f6 21.Bf4 a6 22.a3 Bd7
23.Bd2 Bc6 24.Bc3 Bd7 25.Bd2 Bc6 26.Bc3 Bd7 27.Bd2  1/2-1/2

[Event "ch-CHN Blitz 2017"]
[Site "Shenzhen CHN"]
[Date "2017.12.08"]
[Round "4.2"]
[White "Yuan,Qingyu"]
[Black "Wei Yi"]
[Result "0-1"]
[WhiteElo "2393"]
[BlackElo "2743"]

1.Nf3 d6 2.d4 Nf6 3.c4 g6 4.Nc3 Bf5 5.h3 Ne4 6.Nxe4 Bxe4 7.Nd2 Bc6 8.d5 Bd7
9.e4 Bg7 10.Bd3 O-O 11.O-O a5 12.Rb1 Na6 13.Bc2 Nb4 14.a3 Nxc2 15.Qxc2 a4
16.b4 axb3 17.Qxb3 b6 18.Bb2 e5 19.f4 Qe7 20.f5 Kh8 21.Qd3 Rg8 22.Kh1 gxf5
23.exf5 f6 24.Ne4 Bh6 25.Qe2 Ra4 26.Rf3 Bc8 27.Rf2 Ba6 28.Bc1 Bf8 29.Rb4 Rxb4
30.axb4 Bc8 31.Be3 Bd7 32.b5 Qd8 33.Qa2 Be7 34.Bh6 Bf8 35.Be3 Be7 36.Rf3 Qa8
37.Qxa8 Rxa8 38.Bh6 Ra1+ 39.Kh2 Re1 40.Rg3 Rxe4 41.Bg7+ Kg8 42.Bh6+ Kf7 43.Rg7+ Ke8
44.Rg8+ Bf8 45.Rxf8+ Ke7 46.Rg8 Bxf5 47.Rg7+ Kd8 48.Rf7 Rxc4 49.Rxf6 Be4
50.Rf8+ Ke7 51.Rh8 Rc2 52.Rg8 Bxd5 53.Rg7+ Kf6 54.h4 Be4 55.Kh3 Rc3+ 56.g3 Bf5+
57.Kg2 Rc2+ 58.Kf1 Bd3+ 59.Kg1 Bg6 60.Rd7 Ke6 61.Rg7 Rc4 62.Bg5 c6 63.Rb7 cxb5
64.Rxb6 Be8 65.Be3 Bc6 66.Kf2 d5 67.Bg5 d4 68.Ke2 e4 69.Rb8 Rc2+ 70.Kd1 d3
71.Rd8 b4 72.g4 b3 73.Rb8 b2 74.h5 Ba4 75.Ke1 Rc1+ 76.Kf2 b1=Q 77.Bxc1 Qc2+
78.Kg3 Qxc1 79.Rb6+ Bc6 80.g5 Qe3+ 81.Kg4 Qf3+ 82.Kh4 Kf5 83.Rb5+ Kf4 84.Rf5+ Kxf5  0-1

[Event "ch-CHN Blitz 2017"]
[Site "Shenzhen CHN"]
[Date "2017.12.08"]
[Round "5.1"]
[White "Wei Yi"]
[Black "Lu Shanglei"]
[Result "1-0"]
[WhiteElo "2743"]
[BlackElo "2641"]

1.e4 e6 2.d4 d5 3.Nc3 dxe4 4.Nxe4 Nd7 5.Nf3 Ngf6 6.Nxf6+ Nxf6 7.Be3 Nd5 8.Bd2 c5
9.Bb5+ Bd7 10.Bxd7+ Qxd7 11.c4 Nb6 12.Rc1 Be7 13.dxc5 Bxc5 14.b4 Be7 15.c5 Nd5
16.Ne5 Qc7 17.Qa4+ Kf8 18.Nd3 h5 19.O-O h4 20.h3 Rh5 21.b5 Rf5 22.Rc4 Kg8
23.Rfc1 Bf6 24.Ne1 a6 25.b6 Qe7 26.Nf3 g5 27.Rg4 Kh8 28.Nd4 Bxd4 29.Qxd4+ Kh7
30.c6 bxc6 31.Rxc6 Rd8 32.Qb2 Kg6 33.b7 Qe8 34.Rxa6 Rb8 35.Ra3 Qc6 36.Rb3 Nf6
37.Rxg5+ Rxg5 38.Bxg5 Kxg5 39.Qe5+ Kg6 40.Qxb8 Nd7 41.Qg8+ Kf6 42.Qc8  1-0

[Event "ch-CHN Blitz 2017"]
[Site "Shenzhen CHN"]
[Date "2017.12.08"]
[Round "6.1"]
[White "Zhou Jianchao"]
[Black "Wei Yi"]
[Result "1-0"]
[WhiteElo "2597"]
[BlackElo "2743"]

1.d4 Nf6 2.c4 e6 3.Nc3 Bb4 4.Qc2 b6 5.e4 c5 6.d5 exd5 7.exd5 Qe7+ 8.Ne2 O-O
9.Bd2 d6 10.O-O-O Ng4 11.Be1 Nd7 12.Ng3 Ndf6 13.h3 Ne5 14.f4 Ng6 15.Bd2 b5
16.Nxb5 Bd7 17.Nc3 Rab8 18.Bd3 Rfe8 19.Rde1 Qd8 20.Rxe8+ Bxe8 21.Nce4 Nxe4
22.Nxe4 Ne7 23.g4 Bxd2+ 24.Qxd2 Bd7 25.Nxd6 Qb6 26.Ne4 f5 27.Nc3 Nc8 28.gxf5 Qf6
29.Ne4 Qd4 30.Qc3 Qe3+ 31.Kc2 Bxf5 32.Nf6+ gxf6 33.Bxf5 Qxf4 34.Qxf6 Qxc4+
35.Kb1  1-0

[Event "ch-CHN Rapid 2017"]
[Site "Shenzhen CHN"]
[Date "2017.12.08"]
[Round "7.4"]
[White "Zhao,Yuanhe"]
[Black "Wei Yi"]
[Result "0-1"]
[WhiteElo "2394"]
[BlackElo "2743"]

1.Nf3 d6 2.d4 Nf6 3.c4 g6 4.Nc3 Bg7 5.e4 O-O 6.h3 Na6 7.Be3 c6 8.Bd3 e5 9.d5 Nh5
10.g3 Qe8 11.Be2 cxd5 12.cxd5 f5 13.exf5 gxf5 14.Nh4 Nf6 15.Bd3 f4 16.Bd2 Nc5
17.Bb5 Qe7 18.g4 e4 19.Bxf4 Nxg4 20.hxg4 Rxf4 21.Ng2 Bxg4 22.Qd2 Nd3+ 23.Bxd3 exd3+
24.Kf1 Rf3 25.Ne1 Bh3+ 26.Kg1 Qh4 27.Rh2 Be5 28.Kh1 Bg2+ 29.Kxg2 Rxf2+  0-1

[Event "ch-CHN Rapid 2017"]
[Site "Shenzhen CHN"]
[Date "2017.12.08"]
[Round "8.1"]
[White "Wei Yi"]
[Black "Yu Yangyi"]
[Result "1-0"]
[WhiteElo "2743"]
[BlackElo "2751"]

1.Nf3 Nf6 2.c4 e6 3.g3 d5 4.Bg2 dxc4 5.O-O c5 6.Na3 Be7 7.Nxc4 Nc6 8.b3 O-O
9.Bb2 Bd7 10.d4 cxd4 11.Nxd4 Rc8 12.Nb5 a6 13.Nbd6 Rc7 14.Rc1 Qb8 15.e4 b5
16.e5 Nd5 17.Bxd5 exd5 18.Ne3 d4 19.Nd5 Bxd6 20.exd6 Rb7 21.Rxc6 Bxc6 22.Nf6+ Kh8
23.Qd3 gxf6 24.Qxd4 Qd8 25.Qf4 Re8 26.Bxf6+ Qxf6 27.Qxf6+ Kg8 28.Rc1 Be4
29.Re1 Rd7 30.Qg5+ Kf8 31.f3  1-0

[Event "ch-CHN Rapid 2017"]
[Site "Shenzhen CHN"]
[Date "2017.12.08"]
[Round "9.1"]
[White "Wei Yi"]
[Black "Lu Shanglei"]
[Result "1-0"]
[WhiteElo "2743"]
[BlackElo "2641"]

1.e4 e6 2.d4 d5 3.Nc3 dxe4 4.Nxe4 Nd7 5.Nf3 Ngf6 6.Nxf6+ Nxf6 7.Be3 Nd5 8.Bd2 c5
9.Bb5+ Bd7 10.Bxd7+ Qxd7 11.c4 Nb6 12.Rc1 Be7 13.dxc5 Bxc5 14.b4 Be7 15.c5 Nd5
16.Ne5 Qc7 17.Qa4+ Kf8 18.Nd3 h5 19.O-O h4 20.b5 Rh5 21.h3 Rf5 22.Rfe1 Kg8
23.Ba5 b6 24.cxb6 Qb7 25.Bd2 axb6 26.Qc4 Qa7 27.Rc2 Qa4 28.Qxa4 Rxa4 29.Re5 g6
30.Kf1 Bf6 31.Rxf5 gxf5 32.Ke2 Kg7 33.Nc1 Be5 34.Nd3 Bd6 35.Rc6 Rxa2 36.Nc1 Rxd2+
37.Kxd2 Bc5 38.Nd3 Bd4 39.f4 Kf8 40.Rc4 Bf6 41.Rc1 Ke7 42.Rc6 Bd4 43.Rc4 Bf6
44.Rc8 Kd7 45.Rc6 Bd4 46.Rc4 Bg7 47.Ne5+ Ke7 48.Ke2 Bh6 49.Kf3 Kf6 50.Nd7+ Ke7
51.Ne5 Kf6 52.Rc6 Nxf4 53.Nd7+ Kg5 54.Rxb6 Bg7 55.Rb8 e5 56.Rg8 e4+ 57.Kf2 Kh6
58.Rxg7 Kxg7 59.b6 Nd3+ 60.Ke3 Nb4 61.b7 Nd5+ 62.Kd4 Ne7  1-0

[Event "ch-CHN Blitz 2017"]
[Site "Shenzhen CHN"]
[Date "2017.12.09"]
[Round "7.2"]
[White "Wei Yi"]
[Black "Liu,Yan"]
[Result "1-0"]
[WhiteElo "2743"]
[BlackElo "2479"]

1.e4 c5 2.Nf3 d6 3.d4 cxd4 4.Nxd4 Nf6 5.Nc3 a6 6.g3 e5 7.Nb3 Nbd7 8.Bg2 b5
9.a4 b4 10.Nd5 Nxd5 11.Qxd5 Rb8 12.O-O Nf6 13.Qd3 a5 14.Bg5 Be7 15.Rfd1 O-O
16.Bxf6 gxf6 17.Qd5 Be6 18.Qxa5 Qc8 19.Rac1 Bd8 20.Qa7 Ra8 21.Qe3 Rxa4 22.Rxd6 Be7
23.Rd2 Ra2 24.Rb1 Rd8 25.Bf1 Rxd2 26.Qxd2 Bxb3 27.cxb3 Ra7 28.Bc4 Bc5 29.Rd1 Kg7
30.Kg2 Ra2 31.Qe2 Bd4 32.Rd2 Ra1 33.Qh5 Ra7 34.Rc2 Rc7 35.Rd2 Ra7 36.Rd3 Bxb2
37.Rf3 Bd4 38.Rf5 Rc7 39.Qg4+ Kh8 40.Qh4 Rc6 41.Rh5 Qg8 42.Bd5 Ra6 43.Bb7 Rb6
44.Bc8 Kg7 45.Bf5 Kf8 46.Rxh7 Ke7 47.Qh5 Rc6 48.Bg6 Kd6 49.Rxf7 Rc2 50.Rxf6+ Kc5
51.Qd1 Qxb3 52.Qg4 Kc4 53.Bf7+  1-0

[Event "ch-CHN Blitz 2017"]
[Site "Shenzhen CHN"]
[Date "2017.12.09"]
[Round "8.1"]
[White "Wei Yi"]
[Black "Liu,Chang"]
[Result "1-0"]
[WhiteElo "2743"]
[BlackElo "2357"]

1.e4 d6 2.d4 g6 3.Nc3 Bg7 4.f4 Nf6 5.Nf3 O-O 6.e5 Nfd7 7.Bc4 Nb6 8.Bb3 Nc6
9.a4 dxe5 10.dxe5 Bg4 11.a5 Qxd1+ 12.Nxd1 Bxf3 13.gxf3 Nd7 14.Be3 e6 15.a6 Nb6
16.Nc3 bxa6 17.Rxa6 g5 18.fxg5 Nxe5 19.Ke2 Nc6 20.Rd1 Rfd8 21.Rxd8+ Rxd8
22.Nb5 Bxb2 23.Nxa7 Nd4+ 24.Bxd4 Rxd4 25.Nb5 Rh4 26.Nxc7 Rxh2+ 27.Ke3 Nd7
28.Nxe6 fxe6 29.Bxe6+ Kg7 30.Bxd7 Rxc2 31.Bf5 Bc1+ 32.Kd4 Rc7 33.Rh6 Kg8
34.Be6+ Kh8 35.Rh5 Rg7 36.Ke4 Bxg5 37.f4 Bf6 38.Rb5 Rc7 39.Kf5 Kg7 40.Rb1 Rc5+
41.Ke4 Ra5 42.Rb7+ Kg6 43.Bb3 h5 44.Bc2 h4  1-0

[Event "ch-CHN Blitz 2017"]
[Site "Shenzhen CHN"]
[Date "2017.12.09"]
[Round "9.1"]
[White "Bai,Jinshi"]
[Black "Wei Yi"]
[Result "0-1"]
[WhiteElo "2556"]
[BlackElo "2743"]

1.Nf3 d6 2.d4 Nf6 3.c4 g6 4.Nc3 Bf5 5.d5 Bg7 6.Nd4 Bd7 7.e4 O-O 8.Be2 e6
9.O-O exd5 10.exd5 Na6 11.Nb3 Re8 12.Be3 Ne4 13.Nxe4 Rxe4 14.Qd2 Qf6 15.Bd3 Ree8
16.Bd4 Qh4 17.Bxg7 Kxg7 18.Rfe1 Qf6 19.h3 Ba4 20.Qc3 Qxc3 21.bxc3 b6 22.f4 Nc5
23.Nxc5 dxc5 24.Kf2 Bd7 25.g4 h6 26.Kf3 Kf6 27.h4 g5 28.fxg5+ hxg5 29.h5 Kg7
30.a3 Rad8 31.Bf5 Ba4 32.Rac1  0-1

[Event "Wei Yi - Navara Match"]
[Site "Yancheng CHN"]
[Date "2017.12.31"]
[Round "1"]
[White "Wei Yi"]
[Black "Navara,D"]
[Result "0-1"]
[WhiteElo "2743"]
[BlackElo "2740"]

1.e4 c6 2.d4 d5 3.e5 Bf5 4.Nd2 e6 5.Nb3 Nd7 6.Nf3 a6 7.Be2 c5 8.c3 h6 9.dxc5 Bxc5
10.Nxc5 Nxc5 11.Be3 Rc8 12.O-O Ne7 13.Nd4 O-O 14.a4 Bh7 15.a5 Nc6 16.Nxc6 Rxc6
17.Bd4 Qg5 18.Ra3 Qf5 19.b4 Nd3 20.g4 Qg6 21.f4 Qe4 22.Bf3 Qxf4 23.Bxd5 exd5
24.Rxf4 Nxf4 25.Be3 Nd3 26.Bd4 Re8 27.Qf3 Nxe5 28.Qxd5 Nxg4 29.Ra1 Rg6 30.Qxb7 Ne3+
31.Kf2 Ng4+ 32.Kg1 Ne5+ 33.Kf1 Rf6+ 34.Kg2 Rg6+ 35.Kf1 Rg5 36.Bxe5 Bd3+ 37.Kf2 Rexe5
38.Rd1 Re2+ 39.Kf3 Rf5+ 40.Kg4 h5+ 41.Kh4 Re4+  0-1

[Event "Wei Yi - Navara Match"]
[Site "Yancheng CHN"]
[Date "2018.01.01"]
[Round "2"]
[White "Navara,D"]
[Black "Wei Yi"]
[Result "1/2-1/2"]
[WhiteElo "2740"]
[BlackElo "2743"]

1.e4 e5 2.Nf3 Nf6 3.Nxe5 d6 4.Nf3 Nxe4 5.d4 d5 6.Bd3 Bf5 7.O-O Be7 8.c4 dxc4
9.Bxc4 O-O 10.Re1 Nd6 11.Bb3 Nc6 12.Nc3 Bg4 13.d5 Bxf3 14.Qxf3 Nd4 15.Qd1 Bf6
16.Bf4 Re8 17.Rxe8+ Qxe8 18.h3 Qd7 19.Qg4 Qe7 20.Ba4 g6 21.Qd7 Qxd7 22.Bxd7 Rd8
23.Ba4 a6 24.Rc1 Kg7 25.Kf1 b5 26.Bd1 b4 27.Ne2 N4b5 28.a4 bxa3 29.bxa3 Nxa3
30.Rxc7 Ndb5 31.Rc5 Be7 32.Rc6 Rxd5 33.Bb3 Rd3 34.Nc1 Rd8 35.Rxa6 Nd4 36.Be5+ Kf8
37.Bxd4 Rxd4 38.Ra8+ Rd8 39.Rxd8+ Bxd8  1/2-1/2

[Event "Wei Yi - Navara Match"]
[Site "Yancheng CHN"]
[Date "2018.01.02"]
[Round "3"]
[White "Wei Yi"]
[Black "Navara,D"]
[Result "1-0"]
[WhiteElo "2743"]
[BlackElo "2740"]

1.Nf3 d5 2.d4 Nf6 3.c4 dxc4 4.e3 e6 5.Bxc4 c5 6.O-O a6 7.Nc3 b5 8.Be2 Bb7
9.dxc5 Nc6 10.Qc2 Nb4 11.Qb3 Bxc5 12.Rd1 Qb8 13.a4 bxa4 14.Qxa4+ Bc6 15.Qa5 Be7
16.Ra3 Nc2 17.Ne5 Bb4 18.Rb3 O-O 19.Nxc6 Bxa5 20.Rxb8 Raxb8 21.Nxa5 Nb4 22.f3 Rfd8
23.e4 Rxd1+ 24.Nxd1 Nd7 25.Be3 Ne5 26.Bf4 f6 27.Ne3 Rc8 28.Bxe5 fxe5 29.Nec4 Rc5
30.Nb7 Rc8 31.Nba5 Rc5 32.Kf2 Nc2 33.Bd3 Nb4 34.Ke3 g5 35.Kd2 Kg7 36.Bb1 Kf6
37.Kc3 Rb5 38.Na3 Rb8 39.g4 h6 40.b3 Nc6 41.Nxc6 Rc8 42.Nc4 Rxc6 43.b4 Rc8
44.Bd3 h5 45.gxh5 Rh8 46.Ne3  1-0

[Event "Wei Yi - Navara Match TB"]
[Site "Yancheng CHN"]
[Date "2018.01.03"]
[Round "1"]
[White "Navara,D"]
[Black "Wei Yi"]
[Result "0-1"]
[WhiteElo "2740"]
[BlackElo "2743"]

1.e4 e5 2.Nf3 Nf6 3.Nxe5 d6 4.Nf3 Nxe4 5.d4 d5 6.Bd3 Bf5 7.O-O Be7 8.c4 dxc4
9.Bxc4 O-O 10.Nc3 Nc6 11.Re1 Nxc3 12.bxc3 Bd6 13.Ng5 h6 14.Qf3 Qd7 15.Ne4 Rae8
16.Bd2 Bg4 17.Qd3 Bf5 18.h3 Na5 19.Bb3 Nxb3 20.axb3 Qe6 21.f3 Qg6 22.Rxa7 Bxh3
23.Qf1 Bc8 24.Ra8 b6 25.Nxd6 Qxd6 26.Rxe8 Rxe8 27.Qf2 Qc6 28.Ra1 b5 29.Re1 Be6
30.Qe2  0-1